Mexikanische Städte - Karten Quiz - Statistiken

Allgemein
  • Dieses Quiz wurde 148 mal gespielt
  • Das Durchschnittsergebnis liegt bei 7 aus 14
Antworten auf der Karte
Die Antworten werden auf der Karte rot bzw. grün angezeigt, abhängig davon wie oft sie richtig erraten wurden.
 
Antwortstatistiken
Antwort % Korrekt
Mexiko Stadt
90%
Cancún
71%
Tijuana
58%
Acapulco
55%
Cabo San Lucas
55%
Guadalajara
51%
Mérida
49%
Monterrey
49%
Oaxaca
49%
Chihuahua
46%
Juarez
45%
San Luis Potosí
32%
Tampico
26%
Guaymas
23%
Keine übereinstimmenden Quizze gefunden
Verteilung der Resultate
Anzahl Personen mit jedem Resultat
Perzentil nach korrekt beantworteten Fragen
Ihre Resultats-Entwicklung
Sie haben dieses Quiz noch nicht gespielt